Statistics for Spanish Vocabulary Words That Start With T

Click here to take the quiz!

General Stats

  • This quiz has been taken 2,548 times
  • The average score is 33 of 48

Answer Stats

English español % Correct
to worktrabajar
95%
to havetener
94%
aunttía
94%
alsotambién
92%
latetarde
92%
timetiempo
92%
sadtriste
90%
tigertigre
89%
traintren
89%
tomatotomate
88%
theaterteatro
85%
bulltoro
84%
to touchtocar
84%
to bringtraer
82%
storetienda
82%
to finishterminar
80%
temperaturetemperatura
77%
touristturista
76%
earthtierra
75%
earlytemprano
75%
thirdtercero
74%
cuptaza
73%
turtletortuga
73%
forktenedor
72%
suittraje
71%
typicaltípico
70%
cardtarjeta
66%
neithertampoco
65%
toweltoalla
64%
to translatetraducir
63%
to treattratar
60%
sharktiburón
57%
rooftecho
57%
towertorre
56%
maybetal vez
56%
to coughtoser
55%
to feartemer
54%
to throwtirar
54%
terraceterraza
44%
inktinta
44%
sizetamaño
41%
tattootatuaje
39%
lidtapa
38%
earthquaketerremoto
36%
bacontocino
32%
tyranttirano
30%
tricktruco
30%

Score Distribution

Percentile by Number Answered

Percent of People with Each Score

Your Score History

You have not taken this quiz